00857nam a2200205 i 4500003000900000005001700009007000300026008004100029040003000070082001800100110001600118245016800134264004900302300004200351336002700393337003300420338002800453490002300481500014700504DO-SdBNP20250711132457.0ta250711b2025 dr a ||| |||| 00| 0 spa d aDO-SdBNPbspacBNPHUerda axxxbR3112221 aReconoci.do10aInforme alternativo sobre los derechos humanos de los dominicanos de ascendencia haitiana en República Dominicana :bopresión, exclusión y discriminación / aSanto Domingo :bForo Ciudadano RD,c[2025]. a25 páginas ;bilustracionesc28 cm. atextobtxt2rdacontent asin mediaciónbn2rdamedia avolumenbnc2rdacarrier1 aUn foro para tod@s aCon el apoyo de: AVSI people for development, Centro de Investigación y Promoción Social -CIPROS- y Cofinanciado por la Unión Europea.